Vplyv pandémie COVID-19 na podnikateľské prostredie v Slovenskej republike

Guardado en:
Detalles Bibliográficos
Autor principal: Blahušiaková, Miriama, 1980-
Formato: Capítulo de libro
Lenguaje:inglés
Materias:
Etiquetas: Agregar Etiqueta
Sin Etiquetas, Sea el primero en etiquetar este registro!

MARC

LEADER 00000naa$a2200000$$$4500
001 0280302
005 20240502074341.3
041 0 |a eng 
044 |a SK 
245 1 0 |a Vplyv pandémie COVID-19 na podnikateľské prostredie v Slovenskej republike  |c Miriama Blahušiaková 
500 |a Abstrakt 
610 2 0 |a pandémia 
610 2 0 |a zdravie 
610 2 0 |a financie 
610 2 0 |a podnik 
610 2 0 |a obchod 
100 1 |a Blahušiaková, Miriama, 1980-